00790 2200265 4500001002100000005001500021035002000036006001800056007000300074008004100077040001700118100015500135245003600290300002600326020001800352082000800370084001400378090002400392264003600416336001500452337001300467338001500480850001200495990001700507INLIS00000000000000520231005064440 a0010-1023000001a g 000 0ta231005 0 ind  aJKPNPNAbind aAndrea Hirata,ePengarangePengarangeAndrea Hirata,ePengarangePengarangeAndrea Hirata,ePengarangePengarangeAndrea Hirata,ePengarangePengarang1 aLaskar pelangi /cAndrea Hirata a529 halaman ;c21 cm. a979-3062-79-7 a813 a813 AND l aCB-D.11 2005-004494 aYogyakarta : :bBentang,,c2005 2rdacontent 2rdamedia 2rdacarrier aJKPNPNA aM/P/100/1005